60 personnages en 6 minutes : Twilight - Statistiques

Statistiques générales
  • Ce quiz a été pris 1 421 fois
  • Le résultat moyen est 26 sur 60
Statistiques - réponses
Hint Réponse % Correct
1 Bella
99%
2 Edward
98%
3 Jacob
96%
4 Alice
95%
5 Jasper
92%
6 Rosalie
90%
7 Emmett
88%
12 Charlie
85%
9 Esmée
85%
8 Carlisle
81%
11 Renesmée
81%
13 Renée
74%
16 Aro
70%
21 Victoria
70%
27 Leah
67%
10 Jessica
65%
22 James
63%
19 Jane
61%
29 Sam
60%
23 Laurent
59%
26 Seth
58%
15 Mike
53%
20 Alec
46%
24 Angela
44%
40 Paul
44%
17 Caius
43%
14 Billy
42%
30 Emily
41%
18 Marcus
41%
37 Irina
40%
25 Eric
38%
34 Quil
37%
35 Kate
30%
47 Benjamin
29%
41 Phil
29%
33 Embry
28%
53 Sue
27%
36 Tanya
27%
31 Démétri
26%
32 Félix
24%
28 Jared
24%
56 Zafrina
23%
38 Carmen
21%
48 Riley
21%
58 Vladimir
20%
46 Bree
19%
42 Garret
19%
39 Eleazar
18%
51 Amun
16%
60 Charlotte
13%
59 Stefan
13%
50 Alistair
11%
45 Senna
11%
49 Heidi
10%
52 Kebi
7%
44 Nahuel
6%
43 Kaure
5%
57 Santiago
4%
55 Sarah
4%
54 Vasilii
3%
Aucun quiz correspondant
Distribution des résultats
% des personnes avec chaque résultat
Percentile par nombre de réponses
Votre historique - résultats
Vous n’avez pas pris ce quiz